00442nam a2200181 a 4500001001300000003000900013005001700022008004100039020001000080082001600090100002000106245001900126260003300145300000800178500003500186650001900221700002000240nice12345678IN_TiNIC20260116012153.0070618s1921 bada grp 000 0 urd  ac10000a492.78bSHA aShah, Mir Ahmad aQawaid-E-arabi aBadaun bNo Publisher c1921 a96p aincludes index and biblioraphy aArabic-Grammar1 aShah, Mir Ahmad